Risk analysis in project management

Bibliographic Details
Main Author: Raftery, John
Format: Book
Published: London : E & FN, Spon , 1994
Subjects:

MARC

LEADER 00000cam a2200000 7i4500
001 0000003601
005 20050613.0
020 |a 0419184201 
040 |a INS 
090 0 0 |a T56.8.   |b R34 1994 
100 1 |a Raftery, John 
245 1 0 |a Risk analysis in project management   |c John Raftery 
260 |a London :   |b E & FN, Spon ,   |c 1994 
650 0 0 |a Industrial project management 
650 0 0 |a Risk management 
999 |a 0000006976   |b BOOK   |c Open Shelf   |e Default branch